[Event "Bermuda-B"]
[Site "Bermuda"]
[Date "2003.02.02"]
[Round "8"]
[White "Moreno Carnero, Javier"]
[Black "Paschall, William M"]
[Result "1/2-1/2"]
[WhiteElo "2508"]
[BlackElo "2444"]
[Annotator "Hecht,H"]
[PlyCount "126"]
[EventDate "2003.01.25"]
[EventType "tourn"]
[EventRounds "11"]
[EventCountry "BER"]
[EventCategory "10"]
[SourceTitle "CBM 094"]
[Source "ChessBase"]
[SourceDate "2003.05.26"]
[SourceVersion "1"]
[SourceVersionDate "2003.05.26"]
[SourceQuality "1"]

1. e4 c5 2. Nf3 Nc6 3. d4 cxd4 4. Nxd4 Nf6 5. Nc3 d6 6. Bg5 e6 7. Qd2 Qb6 8.
Nb3 a6 9. O-O-O Qc7 10. Kb1 Rb8 11. f4 b5 12. Bxf6 gxf6 13. Ne2 b4 14. Ng3 a5
15. Nh5 Be7 16. Be2 a4 17. Nd4 Nxd4 18. Qxd4 e5 19. Qd2 Rg8 20. g4 b3 21. cxb3
axb3 22. Rhe1 Be6 23. Rc1 bxa2+ 24. Ka1 Qb6 25. f5 Bb3 26. Rc3 d5 27. exd5 Bxd5
28. Bc4 Bxc4 29. Rxc4 Ba3 30. Nxf6+ Qxf6 31. bxa3 e4+ 32. Kxa2 Rxg4 33. Rcxe4+
Rxe4 34. Rxe4+ Kf8 35. Qd4 Qxd4 36. Rxd4 {ein weißer Freibauer mit
K-Unterstützung bei 1-1 Bauern am anderen Flügel mit Bauernschwächen. Aktiver
König des Verteidigers..} Kg7 37. a4 Kf6 38. Rf4 (38. Rd5 $1 {gefällt mir am
besten, weil das Nehmen des h-Bauern viel Zeit kostet.} Rb4 39. a5 Rh4 40. Kb3
Rh3+ 41. Kb4 Rxh2 42. a6 {und Ta5! +-}) (38. Rh4 $5 {führt zu einer ähnlichen
Konstellation wie in der Partie, nämlich 2-1 Freibauern, was dem Verteidiger
regelmäßig Remischancen einräumt.}) 38... Ke5 39. Rf2 Kd4 40. Rb2 Re8 41. Rb7
Re2+ 42. Kb3 Rxh2 43. Rxf7 Rh1 44. f6 Ke5 45. a5 Ra1 46. Kb4 h5 47. Kb5 Ke6 48.
Rf8 Rb1+ 49. Kc6 Rc1+ 50. Kb7 Rb1+ 51. Ka7 h4 52. a6 h3 53. Rh8 Kxf6 54. Rxh3
Ke7 {theoretische Remisstellung} 55. Rh6 Kd7 56. Rb6 Rc1 57. Kb7 Rc7+ 58. Ka8
Rc8+ 59. Rb8 Rc1 60. Kb7 Rb1+ 61. Ka8 Ra1 62. a7 Kc7 63. Rb2 Rc1 1/2-1/2

[Event "RUS-Cup03 Geller Memorial"]
[Site "Moscow"]
[Date "1999.02.14"]
[Round "5"]
[White "Maiorov, Oleg Ivanovich"]
[Black "Kiselev, Sergey"]
[Result "0-1"]
[WhiteElo "2400"]
[BlackElo "2500"]
[Annotator "Hecht,H"]
[PlyCount "98"]
[EventDate "1999.02.10"]
[EventType "swiss"]
[EventRounds "9"]
[EventCountry "RUS"]
[SourceTitle "CBM 070"]
[Source "ChessBase"]
[SourceDate "1999.06.08"]
[SourceVersion "1"]
[SourceVersionDate "1999.06.08"]
[SourceQuality "1"]

1. e4 c5 2. Nf3 Nc6 3. d4 cxd4 4. Nxd4 Nf6 5. Nc3 d6 6. Bg5 e6 7. Qd2 a6 8.
O-O-O h6 9. Bh4 Nxe4 10. Qf4 Ng5 11. Nxc6 bxc6 12. Qa4 Qb6 13. Bd3 Be7 14. f4
Nh7 15. Bxe7 Kxe7 16. Bxh7 Rxh7 17. Qa3 Qc5 18. Qxc5 dxc5 19. Ne4 g5 20. fxg5
hxg5 21. Nxg5 Rg7 22. h4 f6 23. Ne4 Rxg2 24. h5 e5 25. Rdf1 f5 26. h6 Be6 27.
h7 Rh8 28. Nxc5 Bf7 29. Rh6 Bg6 30. Rd1 f4 31. Rd7+ Kf6 32. Nd3 Kg5 33. Rh1 e4
34. Ne5 f3 35. Kd1 Rxh7 36. Rdxh7 Bxh7 37. Rxh7 Rg1+ 38. Kd2 f2 39. Rg7+ Kh5
40. Rh7+ Kg5 41. Rg7+ Kh6 42. Ng4+ Kxg7 43. Nxf2 Rg2 44. Ke3 Kg6 45. b4 Kf5 46.
Nxe4 Rxc2 47. a4 Re2+ 48. Kxe2 Kxe4 {[#] Zugzwang, Opposition. Weiß am Zug
verliert; Schwarz am Zuge würde nur remis erreichen, weil er die Opposition
aufgeben müßte!} 49. b5 cxb5 (49... axb5 $4 50. a5 $18) (49... cxb5 50. axb5
axb5 51. Kd2 Kd4 52. Kc2 Kc4 53. Kb2 Kb4 {Beim Springerbauern gibt es einige
Tricks, die man zuverlässig wissen muß...} 54. Ka2 Kc3 55. Ka3 b4+ 56. Ka2 Kc2
(56... b3+ $2 57. Ka1 $11 Kc2 {patt}) 57. Ka1 Kb3 58. Kb1 Ka3 $1 (58... Kc3 $6
59. Ka2 Kc2 60. Ka1 Kb3 61. Kb1 {führt zu nichts - verdirbt aber auch nichts})
59. Ka1 b3 $19 {Opposition}) 0-1

[Event "Hoogovens"]
[Site "Wijk aan Zee"]
[Date "1997.01.30"]
[Round "10"]
[White "Short, Nigel D"]
[Black "Yermolinsky, Alex"]
[Result "1/2-1/2"]
[WhiteElo "2690"]
[BlackElo "2630"]
[Annotator "Hecht,H"]
[PlyCount "163"]
[EventDate "1997.01.18"]
[EventType "tourn"]
[EventRounds "13"]
[EventCountry "NED"]
[EventCategory "16"]
[SourceTitle "CBM 057"]
[Source "ChessBase"]
[SourceDate "1997.04.01"]
[SourceVersion "1"]
[SourceVersionDate "1997.04.01"]
[SourceQuality "1"]

1. e4 c5 2. Nf3 d6 3. d4 cxd4 4. Nxd4 Nf6 5. Nc3 Nc6 6. Bg5 e6 7. Qd2 a6 8.
O-O-O Nxd4 9. Qxd4 Be7 10. f4 b5 11. Bxf6 gxf6 12. Be2 (12. f5) (12. Kb1) 12...
Qc7 (12... h5 $5) 13. f5 Qc5 14. fxe6 fxe6 (14... Qg5+ $142) 15. Qxc5 dxc5 16.
Bh5+ Kf8 17. e5 f5 18. g4 Ra7 (18... b4 $5 19. Na4 Rb8) 19. gxf5 exf5 20. Nd5
Bg5+ (20... Be6 $5) 21. Kb1 Be6 22. Rhg1 Rg8 23. Nf4 Bxf4 (23... Bf7 24. Bxf7
Kxf7 (24... Rxf7 $2 25. Ne6+) 25. Rd7+ $1 Rxd7 26. e6+ Kf6 (26... Ke7 27. exd7
Kxd7 28. h4) 27. exd7 Rd8 28. Rxg5 $1 Kxg5 29. Ne6+ $18) (23... Bc4 $142) 24.
Rd8+ Ke7 25. Rdxg8 Bxg8 26. Rg7+ Ke6 27. Rxa7 Kxe5 (27... Bxh2 28. Rg7 $1) 28.
h3 h6 29. Rxa6 Be3 30. Be2 (30. c3 $5) 30... b4 31. a4 Bd5 32. a5 (32. Ra7)
32... c4 33. Bf1 (33. Rg6) 33... b3 {/\ 34... Be4} 34. cxb3 (34. c3) 34... Be4+
35. Ka1 Bd3 36. Bxd3 cxd3 37. Ra8 (37. Kb1 f4) 37... Ke4 (37... d2 38. Re8+ $1
Kf4 39. Rd8 {/\ Ka1-b1-c2}) 38. Kb1 Kf3 39. a6 Ke2 40. a7 d2 41. Re8 d1=Q+ 42.
Ka2 Qd5 43. a8=Q Qxa8+ 44. Rxa8 f4 45. h4 $1 f3 (45... h5 46. Rh8 (46. Rh8 f3
47. Rxh5 Bf4 48. Rf5 Ke3 49. Rd5 $1 $11)) 46. h5 f2 47. Rf8 Bc5 (47... f1=Q 48.
Rxf1 Kxf1 49. Kb1 $11) 48. Rf5 Bb4 49. Kb1 f1=Q+ 50. Rxf1 Kxf1 {[#]
Remisfaktor: B-Umwandlungsfeld ungleich L-Farbe. Erfolglose
Abdrängungsversuche. Remiszone, die der sK nicht verlassen darf:
h2-g3-f4-e5-d4-c5-b4-a3 (nach Rauser)} 51. Kc2 Ke2 52. Kc1 Kd3 53. Kd1 Bd2 54.
b4 Bxb4 55. Kc1 Bd2+ 56. Kd1 Ba5 57. b4 Bxb4 58. Kc1 Ke2 59. Kc2 Bd2 60. Kb3
Kd1 61. Kb2 Ba5 62. Kb3 Kd2 63. Kb2 Bc3+ 64. Kb3 Bg7 65. Ka3 Kc2 66. Ka2 {
Bleibt in der Remiszone. Verläßt er sie, gewinnt Schwarz:} (66. Ka4 $2 Bf8 $1
67. Ka5 Kb3 68. Kb5 Bb4 69. Kc6 Kc4 70. Kb6 Bd2 71. Kc6 Be3 72. Kd6 Kd4 73. Ke6
Ke4 74. Kf6 Kf4 75. Ke6 Bd4 76. Kd5 Ba7 77. Kc4 Kg4 78. Kd3 Kxh5 79. Ke2 Kg4
80. Kf1 Kh3 $19) 66... Bh8 67. Ka3 Kb1 68. Kb3 Bb2 69. Kc4 Kc2 70. Kb4 Bc1 71.
Kc4 Be3 72. Kb4 Bc1 73. Kc4 Bg5 74. Kb4 Be7+ 75. Kc4 Bf6 76. Kb4 Bb2 77. Kc4
Bc3 78. Kb5 {...weil die Rückkehr in die Remiszone gesichert ist!} (78. Kd5 Kd3
79. Kc5 $11) 78... Kd3 79. Ka4 (79. Kc5 $11) 79... Bd4 80. Kb4 Bf2 81. Kb3 Bc5
82. Kb2 1/2-1/2

[Event "Haifa"]
[Site "Haifa"]
[Date "1995.??.??"]
[Round "3"]
[White "Smirin, Ilia"]
[Black "Greenfeld, Alon"]
[Result "1-0"]
[WhiteElo "2630"]
[BlackElo "2580"]
[Annotator "Hecht,H"]
[PlyCount "119"]
[EventDate "1995.01.??"]
[EventType "tourn"]
[EventRounds "11"]
[EventCountry "ISR"]
[EventCategory "14"]
[SourceTitle "CBM 046"]
[Source "ChessBase"]
[SourceDate "1995.06.01"]
[SourceVersion "1"]
[SourceVersionDate "1995.06.01"]
[SourceQuality "1"]

1. e4 c5 2. Nf3 Nc6 3. d4 cxd4 4. Nxd4 Nf6 5. Nc3 d6 6. Bg5 e6 7. Qd2 a6 8.
O-O-O h6 9. Be3 Be7 10. f4 Bd7 11. Kb1 b5 12. Bd3 Qc7 13. Rhf1 O-O 14. h3 Nxd4
15. Bxd4 b4 16. Ne2 Bc6 17. Ng3 a5 18. e5 dxe5 19. Bxe5 Qb6 20. f5 Rad8 21. Qe2
Bd5 22. fxe6 Qxe6 23. Nf5 Rfe8 24. b3 Bf8 25. Nxh6+ gxh6 26. Bxf6 Qxe2 27. Bxe2
Rd6 28. Bh5 Be4 29. Rxd6 Bxd6 30. Bd4 Re7 31. Bf3 f5 32. Kb2 Bxf3 33. Rxf3 Re4
34. Bf6 Re6 35. Bd4 Re4 36. Be3 f4 37. Bd2 Be5+ 38. Kc1 Kg7 39. Kd1 Kg6 40. Rd3
Bd4 41. g3 fxg3 42. Rxg3+ Kh5 43. Rf3 Re5 44. Rf6 Be3 45. Bxe3 Rxe3 46. Rf5+
Kg6 (46... Kh4 $5) 47. Rxa5 Rxh3 48. Ra4 Rh4 49. c4 $1 Rh2 50. Rxb4 Rxa2 {
Der weisse Kd1 ist horizontal abgesperrt. Weiss gewinnt durch den Vormarsch
der beiden Freibauern.} 51. c5 Kf6 52. Re4 $1 {vertikale Sperre!} h5 53. c6 h4
54. b4 Ra8 (54... h3 55. b5 h2 56. Rh4 h1=Q+ 57. Rxh1 Ra1+ 58. Kd2 Rxh1 59. c7
$18) 55. Ke2 h3 56. Kf2 Rg8 57. b5 h2 58. Re1 h1=Q 59. Rxh1 Ke6 60. Rd1 1-0

[Event "Zhong Hong Real Estate Cup"]
[Site "Beijing"]
[Date "2001.07.25"]
[Round "6"]
[White "Ni, Hua"]
[Black "Wu, Wenjin"]
[Result "1/2-1/2"]
[WhiteElo "2568"]
[BlackElo "2560"]
[Annotator "Hecht,H"]
[PlyCount "156"]
[EventDate "2001.07.20"]
[EventType "tourn"]
[EventRounds "11"]
[EventCountry "CHN"]
[EventCategory "10"]
[SourceTitle "CBM 085"]
[Source "ChessBase"]
[SourceDate "2001.11.13"]
[SourceVersion "1"]
[SourceVersionDate "2001.11.13"]
[SourceQuality "1"]

1. e4 c5 2. Nf3 d6 3. d4 cxd4 4. Nxd4 Nf6 5. Nc3 Nc6 6. Bg5 e6 7. Qd2 a6 8.
O-O-O h6 9. Be3 Be7 10. f4 O-O 11. Kb1 Qc7 12. Be2 Nxd4 13. Bxd4 b5 14. Bxf6
Bxf6 15. Qxd6 Qxd6 16. Rxd6 g5 17. e5 Be7 18. Rdd1 gxf4 19. Bf3 Ra7 20. Ne2 Rd8
21. Nxf4 Rxd1+ 22. Rxd1 b4 23. c4 bxc3 24. Rc1 Rc7 25. Rxc3 Rxc3 26. bxc3 Bd8
27. Kc2 Bc7 28. Nd3 f6 29. exf6 Kf7 30. h3 Kxf6 31. c4 a5 32. Kc3 e5 33. c5 Ba6
34. Nb2 Kf5 35. Nc4 e4 36. Nd6+ Bxd6 37. Bg4+ Ke5 38. cxd6 Kxd6 39. Kd4 {
[#] Läufer mit Mehrbauer; später Dame+Läufer gegen Dame.} Bd3 40. Bf5 Bb1 41.
a3 e3 $1 42. Bd3 Ba2 43. Kxe3 Ke5 {Die zentrale Königsposition schafft einen
Ausgleich für den Minusbauern.} 44. g4 Be6 45. Bc2 Bd7 46. Bh7 Be6 47. Kf3 Bd5+
48. Kg3 a4 49. Bf5 (49. Kh4 Kf6 (49... Bg2 50. Bc2 Bc6 51. Kh5 Kd4 52. Kxh6 Kc3
53. Bxa4 Bxa4 54. g5 $18) 50. Bf5 Bf7 51. Bd7 Bb3 52. Kh5 Kg7 53. g5 hxg5 54.
Kxg5 Kf7 55. h4 Kg7 56. Kf4 Kh6 57. Be8 Bd1 58. Ke3 Bb3 59. Kd4 Bd1 60. Kc3 Bb3
61. Kb4 Bd1 62. Bxa4 Bg4 63. Be8 Bd1 64. Bf7 Bc2 65. Bb3 Be4 66. a4 Kh5 67. a5
Bb7 68. Kc5 Kxh4 69. Kb6 Bc8 70. Bd5 $18) 49... Bc6 50. Bc2 Kd4 51. Kf4 Kc3 52.
Be4 Be8 53. h4 Kb2 54. h5 Kxa3 55. Bg6 Bb5 56. g5 hxg5+ 57. Kxg5 Bc4 58. h6 Bg8
59. Kf6 Kb2 60. Kg7 a3 61. Kxg8 a2 62. h7 a1=Q 63. h8=Q+ Ka2 64. Bf7+ Kb1 65.
Qh1+ Kb2 66. Qh2+ Ka3 67. Qd6+ Kb2 68. Qd4+ Kb1 69. Qb4+ Kc1 70. Qf4+ Kb2 71.
Qd4+ Kb1 72. Bg6+ Ka2 73. Qa4+ (73. Qb4 Qb2 {Es gibt keinen zwingenden Gewinn})
73... Kb2 74. Qc2+ Ka3 75. Bf7 Qg1+ 76. Kf8 Qe3 77. Qa2+ Kb4 78. Qb2+ Kc5
1/2-1/2

[Event "Lippstadt 10th"]
[Site "Lippstadt"]
[Date "2000.07.09"]
[Round "4"]
[White "Wehmeier, Stefan"]
[Black "Chiburdanidze, Maia"]
[Result "0-1"]
[WhiteElo "2390"]
[BlackElo "2545"]
[Annotator "Hecht,H"]
[PlyCount "150"]
[EventDate "2000.07.06"]
[EventType "tourn"]
[EventRounds "11"]
[EventCountry "GER"]
[EventCategory "10"]
[SourceTitle "CBM 078"]
[Source "ChessBase"]
[SourceDate "2000.10.18"]
[SourceVersion "1"]
[SourceVersionDate "2000.10.18"]
[SourceQuality "1"]

1. e4 c5 2. Nc3 Nc6 3. Nf3 d6 4. d4 cxd4 5. Nxd4 Nf6 6. Bg5 e6 7. Qd2 a6 8.
O-O-O Qb6 9. Nb3 Be7 10. f4 O-O 11. Be2 Rd8 12. Bf3 Qc7 13. g4 b5 14. Bxf6 Bxf6
15. g5 Be7 16. h4 Bd7 17. h5 Be8 18. g6 b4 19. gxh7+ Kh8 20. h6 g6 21. Ne2 a5
22. Nbd4 Nxd4 23. Qxd4+ e5 24. Qd3 Qc5 25. Kb1 exf4 26. Nxf4 Bf6 27. Qd5 Qxd5
28. Nxd5 Be5 29. Be2 Bc6 30. Bc4 Ra7 31. Rd2 Kxh7 32. Rf2 Rdd7 33. b3 Rdb7 34.
Kc1 a4 35. Kd2 Bd4 36. Rf3 axb3 37. axb3 Bxd5 38. Bxd5 Rc7 39. Bc4 Be5 40. Rhf1
f6 41. Rh1 Rc5 42. Rf2 Bc3+ 43. Ke3 Rg5 44. Kf3 Ra2 45. Bd3 Raa5 46. Bc4 Rae5
47. Rfh2 Rc5 48. Rh3 Be5 49. Rd1 Ra5 50. Rd5 Rxd5 51. Bxd5 Rg1 52. Ke2 Rg2+ 53.
Kd3 Bc3 54. Bf7 Rd2+ 55. Ke3 Rxc2 56. Bxg6+ Kxg6 57. h7 f5 58. exf5+ Kxf5 59.
Rh5+ Ke6 60. h8=Q Bxh8 61. Rxh8 Kd5 62. Rh5+ Kc6 63. Kd4 Rc3 64. Ra5 Rxb3 {
[#] Schwarz gibt in der Folge einen Bauern, um mit dem verbleibenden bei guter
Kooperation zwischen Turm und König zu gewinnen.} 65. Kc4 Rb1 66. Ra6+ Kc7 (
66... Kd7 67. Kd5 (67. Rb6 Ke6 68. Rxb4 Rxb4+ 69. Kxb4 Kd5 70. Kc3 Ke4 71. Kd2
Kd4 $19) 67... b3 68. Rxd6+ Kc7 69. Rc6+ Kb7 70. Rc3 b2 71. Rb3+ Kc7 $19) 67.
Ra7+ Kb6 68. Rh7 d5+ $1 {kämpft d5 für den König frei} 69. Kxd5 (69. Kd4 Rd1+
$19) (69. Kd3 Rc1 $19) 69... Kb5 70. Rb7+ Ka4 71. Kc4 Rc1+ 72. Kd3 b3 73. Kd2
Rc2+ 74. Kd1 Ka3 75. Rb8 Rc4 0-1

[Event "HUN-ch 53rd"]
[Site "Heviz"]
[Date "2003.05.16"]
[Round "5"]
[White "Sax, Gyula"]
[Black "Acs, Peter"]
[Result "0-1"]
[WhiteElo "2511"]
[BlackElo "2600"]
[Annotator "Hecht,H"]
[PlyCount "117"]
[EventDate "2003.05.12"]
[EventType "tourn"]
[EventRounds "9"]
[EventCountry "HUN"]
[EventCategory "13"]
[SourceTitle "CBM 096"]
[Source "ChessBase"]
[SourceDate "2003.09.25"]
[SourceVersion "1"]
[SourceVersionDate "2003.09.25"]
[SourceQuality "1"]

1. e4 c5 2. Nf3 d6 3. d4 cxd4 4. Nxd4 Nf6 5. Nc3 Nc6 6. Bg5 e6 7. Qd2 a6 8.
O-O-O Be7 9. f3 Nxd4 10. Qxd4 b5 11. h4 Bb7 12. Kb1 Qc7 13. Qd2 Rc8 14. Bd3 h6
15. Be3 b4 16. Na4 d5 17. Nb6 Rd8 18. e5 Ne4 19. fxe4 dxe4 20. Nc4 exd3 21.
cxd3 Qc6 22. Rhg1 Qb5 23. Qe2 Bd5 24. Bf4 Qc6 25. Rc1 Bxc4 26. Rxc4 Qd5 27. Rd1
O-O 28. g3 Rd7 29. Qe4 Rfd8 30. Qxd5 Rxd5 31. Kc2 g5 32. hxg5 hxg5 33. Bd2 Rxd3
34. Rg4 R3d4 35. Rxd4 Rxd4 36. Re1 Kg7 37. Be3 Rd5 38. Bf2 Kg6 39. g4 Bf8 40.
Re4 a5 41. Bd4 Bc5 42. Bxc5 Rxc5+ 43. Kb3 Rc1 44. Ka4 Rc2 45. Kxa5 Rxb2 46. Kb5
Rxa2 47. Kxb4 Rf2 48. Kc3 Rf4 49. Kd4 f5 50. exf6 Kxf6 51. Kd3 Rxe4 52. Kxe4 {
Strategie: Umgehung Taktik: Damengewinn} Kf7 53. Kd4 Ke8 54. Kc5 Kd7 55. Kd4
Kd6 56. Ke4 e5 57. Kf5 Kd5 58. Kxg5 e4 59. Kf4 (59. Kf4 {bei Kf6 oder Kh6
fehlt ein Tempo} Kd4 60. g5 e3 61. Kf3 Kd3 62. g6 e2 63. g7 e1=Q 64. g8=Q Qf1+
$19) 0-1

[Event "Bermuda-A"]
[Site "Bermuda"]
[Date "2003.02.02"]
[Round "8"]
[White "Volokitin, Andrei"]
[Black "Gershon, Alik"]
[Result "1/2-1/2"]
[WhiteElo "2565"]
[BlackElo "2571"]
[Annotator "Hecht,H"]
[PlyCount "82"]
[EventDate "2003.01.25"]
[EventType "tourn"]
[EventRounds "11"]
[EventCountry "BER"]
[EventCategory "15"]
[SourceTitle "CBM 094"]
[Source "ChessBase"]
[SourceDate "2003.05.26"]
[SourceVersion "1"]
[SourceVersionDate "2003.05.26"]
[SourceQuality "1"]

1. e4 c5 2. Nf3 d6 3. d4 cxd4 4. Nxd4 Nf6 5. Nc3 Nc6 6. Bg5 e6 7. Qd2 a6 8.
O-O-O Qb6 9. f3 Qxd4 10. Qxd4 Nxd4 11. Rxd4 Bd7 12. Na4 d5 13. exd5 Nxd5 14.
Bc4 Bxa4 15. Bxd5 exd5 16. Rxa4 f6 17. Be3 Kf7 18. Rd1 b5 19. Rad4 Bc5 20. R4d3
Bxe3+ 21. Rxe3 Rhe8 22. Rde1 Rxe3 23. Rxe3 Re8 24. Rxe8 Kxe8 {[#] Die
vorgeschobenen Bauern am Damenflügel sowie der Isolani führen zwar zu
Felderschwächen auf dieser Seite (d4/c5), doch der starke Bf6 läßt Schwarz
nicht in Zugzwang geraten.} 25. Kd2 Kd7 26. Kc3 Kc6 27. Kd4 Kd6 28. b3 Kc6 {
[%cal Gf6e5]} ({untauglich ist} 28... b4 29. c4 bxc3 30. Kxc3 Kc5 31. b4+ Kb5
32. Kb3 h5 33. a4+ Kc6 34. Kc3 h4 35. Kd4 g5 36. b5+ {und gewinnt leicht
aufgrund des entfernten Freibauern.}) 29. c3 Kd6 30. h4 Kc6 31. g4 Kd6 32. h5
Kc6 33. f4 Kd6 34. g5 h6 35. gxf6 gxf6 36. a3 Kc6 37. c4 dxc4 38. bxc4 bxc4 39.
Kxc4 f5 40. Kd4 Kd6 41. a4 a5 1/2-1/2

[Event "Elbow Beach Club GM-B"]
[Site "Paget Parish"]
[Date "2001.01.26"]
[Round "8"]
[White "Kalod, Radek"]
[Black "Teplitsky, Yan"]
[Result "1-0"]
[WhiteElo "2490"]
[BlackElo "2446"]
[Annotator "Hecht,H"]
[PlyCount "115"]
[EventDate "2001.01.19"]
[EventType "tourn"]
[EventRounds "11"]
[EventCountry "BER"]
[EventCategory "9"]
[SourceTitle "CBM 081"]
[Source "ChessBase"]
[SourceDate "2001.03.20"]
[SourceVersion "1"]
[SourceVersionDate "2001.03.20"]
[SourceQuality "1"]

1. e4 c5 2. Nf3 d6 3. d4 Nf6 4. Nc3 cxd4 5. Nxd4 Nc6 6. Bg5 e6 7. Qd2 a6 8.
O-O-O h6 9. Be3 Bd7 10. f3 Qa5 11. Kb1 Be7 12. g4 b5 13. Nb3 Qc7 14. Bxb5 axb5
15. Nxb5 Qb8 16. Nxd6+ Qxd6 17. Qxd6 Bxd6 18. Rxd6 Ne5 19. Nd2 Bb5 20. h3 Nc4
21. Rd3 Nxe3 22. Rxe3 Ke7 23. a3 Rhd8 24. Kc1 Nd7 25. Nb1 Ne5 26. b3 g5 27. a4
Bc6 28. Rd1 Rxd1+ 29. Kxd1 Ng6 30. Rc3 Be8 31. Re3 Kf6 32. Nc3 Ke5 33. Ne2 Nf4
34. Nxf4 Kxf4 35. Rd3 Kg3 36. Ke2 Kxh3 37. Kf2 Ra7 38. Rd8 Re7 39. Rd1 Kh2 40.
Rg1 Rd7 41. Rg2+ Kh3 42. Rg3+ Kh4 43. Rg2 Rd2+ 44. Kg1 Rd1+ 45. Kf2 Rd2+ 46.
Kg1 Rxg2+ 47. Kxg2 {[#]} h5 (47... Bc6 48. c4 Bb7 49. b4 $1 $18) 48. gxh5 Kxh5
49. c4 Kg6 (49... Bc6 50. a5 Bb7 51. b4 Kg6 52. b5 Kf6 53. a6 Bc8 54. c5 Ke7
55. c6 Kd6 56. a7 $18) 50. a5 Kf6 51. b4 Ke5 52. b5 Kd6 53. e5+ $1 {Dieser Zug,
sofort oder nach a6, mauert den Läufer ein und legt die Bauernmehrheit des
Schwarzen lahm.} Kc5 54. a6 Kb6 55. Kf2 Bd7 56. Ke3 Bc8 57. Kd4 Bd7 58. Kc3 {
[%cal Rc3b4]} 1-0

[Event "Excelsior Cup"]
[Site "Gothenburg"]
[Date "1997.??.??"]
[Round "6"]
[White "Rytshagov, Mikhail"]
[Black "Hultin, Johan"]
[Result "1-0"]
[WhiteElo "2485"]
[BlackElo "2330"]
[Annotator "Hecht,H"]
[PlyCount "89"]
[EventDate "1997.01.??"]
[EventType "tourn"]
[EventRounds "9"]
[EventCountry "SWE"]
[EventCategory "9"]
[SourceTitle "CBM 057"]
[Source "ChessBase"]
[SourceDate "1997.04.01"]
[SourceVersion "1"]
[SourceVersionDate "1997.04.01"]
[SourceQuality "1"]

1. e4 c5 2. Nc3 Nc6 3. Nf3 d6 4. d4 cxd4 5. Nxd4 Nf6 6. Bg5 e6 7. Qd2 a6 8.
O-O-O h6 9. Be3 Nxd4 10. Bxd4 b5 11. f4 Be7 12. Kb1 Bb7 13. Bd3 O-O 14. e5 dxe5
15. fxe5 Nd7 16. Ne4 Qc7 17. Nf6+ Kh8 18. Rhe1 Rfd8 19. Ng4 Bf8 20. Rf1 Nc5 21.
Bxc5 Qxc5 22. Rxf7 Be4 23. Qe2 Bxd3 24. cxd3 Ra7 25. d4 Qb6 26. Qf3 Rxf7 27.
Qxf7 b4 28. Rd3 Qb5 29. Qf3 Be7 30. Rd1 a5 31. Qd3 Qxd3+ 32. Rxd3 Bc5 33. Ne3
Rxd4 34. Rxd4 Bxd4 35. Nc4 Kh7 36. Kc2 Kg6 (36... a4 $5 37. Kd3 Bg1 38. h3 Kg6
39. Ke4 $16 {[%csl Ra4,Rb4,Re5,Yf5,Yg5,Yh5][%cal Gc4d2,Gd2f3,Gg2g4] mit der
Idee Sc4-d2-f3 samt g4, um den sK auszuschalten. Evtl. aber auch b3 samt
Sc4-b2-d3. Man beachte die Schwäche von e5 neben den schwarzen Bauernschwächen
a und b.}) 37. Kd3 Bg1 38. Nxa5 Bxh2 39. Nc6 Kf5 40. Nxb4 Bxe5 $2 {Der Läufer
wird mit taktischen Mitteln als Verteidiger ausgeschaltet. Ohne König wird ein
Endspiel eher selten gut zu spielen sein. Deshalb:} (40... Kxe5 $142 $1 41. Nc2
Kd5 42. b4 h5 43. a4 g5 $132) 41. a4 Bxb2 (41... Bc7 42. Nc6 e5 43. a5 e4+ 44.
Ke2 Kg4 (44... Ke6 45. a6 Bb6 46. a7 Bxa7 47. Nxa7 $18) 45. b4 Kg3 46. b5 Kxg2
47. b6 $18) 42. a5 e5 43. Nc2 $1 {[%csl Ya3,Yd4]} (43. Nc6 $2 e4+ 44. Kc4 (44.
Ke2 Ba3 45. a6 Bc5 $11 {[%cal Rf5g4,Rg4g3]}) 44... e3 45. Kd3 Ba3 46. Kxe3 Bc5+
47. Ke2 Kg4 48. a6 Kg3 49. Kf1 h5 $11 {[%cal Rh5h3]}) 43... e4+ 44. Ke2 Be5 45.
a6 (45. a6 Bb8 46. Nd4+ Kg4 47. Nc6 $18) 1-0

[Event "Olympiad-31"]
[Site "Moscow"]
[Date "1994.12.15"]
[Round "14.4"]
[White "Svidler, Peter"]
[Black "Lutz, Christopher"]
[Result "1-0"]
[WhiteElo "2550"]
[BlackElo "2580"]
[Annotator "Hecht,H"]
[PlyCount "151"]
[EventDate "1994.12.01"]
[EventType "team-swiss"]
[EventRounds "14"]
[EventCountry "RUS"]
[SourceTitle "CBM 045"]
[Source "ChessBase"]
[SourceDate "1995.04.01"]
[SourceVersion "1"]
[SourceVersionDate "1995.04.01"]
[SourceQuality "1"]
[WhiteTeam "Russia"]
[BlackTeam "Germany"]
[WhiteTeamCountry "RUS"]
[BlackTeamCountry "GER"]

1. e4 c5 2. Nf3 d6 3. d4 cxd4 4. Nxd4 Nf6 5. Nc3 Nc6 6. Bg5 e6 7. Qd2 a6 8.
O-O-O h6 9. Be3 Bd7 (9... Be7 10. f4 Bd7 11. Bd3 Ng4 12. Bg1 Nxd4 13. Bxd4 e5
14. Bg1 exf4 15. Nd5 Ne3 16. Nxe3 fxe3 17. Bxe3 Be6 18. Kb1 O-O 19. Bd4 {
1/2-1/2 Khalifman,A-Lutz,C/Wijk (3.1) ;CBM 45 1995}) 10. f4 b5 11. Bd3 Qc7 12.
Kb1 Na5 13. Qe1 Nc4 14. Bc1 b4 15. Nce2 a5 16. h3 Be7 17. g4 Rc8 18. Ng3 Qb6
19. Qg1 Qc5 20. h4 Nxg4 21. Bxc4 Qxc4 22. Nh5 f5 23. Nxg7+ Kf7 24. Nh5 a4 25.
Rh3 Kg6 26. Ng3 h5 27. Rh2 Bf6 28. Rhd2 Rhd8 29. b3 axb3 30. cxb3 Qc5 31. Bb2
Rc7 32. Qg2 Rdc8 33. Ndxf5 exf5 34. Rxd6 Bb5 35. e5 Kh7 36. exf6 Ne3 37. Qf3
Be8 38. R1d2 Nc2 39. Rd7+ Rxd7 40. Rxd7+ Kh6 41. f7 Na3+ 42. Bxa3 Bxd7 43.
f8=B+ Qxf8 44. Qxh5+ Kg7 45. Bb2+ Rc3 46. Qg5+ Kh7 47. Bxc3 bxc3 48. Kc2 $18 {
White will win this postion with his better K, who will help to mate!} (48. h5
c2+ 49. Kxc2 Qc5+ 50. Kd2 $18) 48... Qa3 49. Kxc3 Qc5+ 50. Kd2 Qd4+ 51. Ke1
Qa1+ 52. Kf2 Qxa2+ 53. Kg1 Qxb3 54. Kh2 Qb2+ 55. Kh3 Qg7 56. Qh5+ Qh6 57. Qd1
Qe6 58. Qd4 Be8 59. Qd8 Qg6 60. Qe7+ Bf7 61. Kh2 Qe6 62. Qg5 Bg6 63. Kh3 Qd5
64. h5 Bf7 65. Kh4 Be6 66. Qg6+ Kh8 67. Qf6+ Kh7 68. Kg5 Qd7 69. Nxf5 Qf7 70.
Qg6+ Kh8 71. Qxf7 Bxf7 72. Nd6 Bb3 73. Kg6 Bc2+ 74. f5 Bb3 75. h6 Bc2 76. Nf7+
1-0